| 000 | 00683nam a2200217 a 4500 | ||
|---|---|---|---|
| 999 |
_c3431 _d3431 |
||
| 001 | 3431 | ||
| 003 | BD-JhCC | ||
| 005 | 20171129130137.0 | ||
| 008 | 171113s1372 bg |||| ||a| 00| 0 en d | ||
| 035 | _a(BD-JhCC)3431 | ||
| 040 |
_aBD-JhCC _dBD-JhCC |
||
| 041 | _aben | ||
| 082 |
_a830.9358 _bJAR 1372 |
||
| 245 |
_aজার্মান শ্রেষ্ঠ কবিতা / _cএফ. জে. পাওলিক...[ et. all. ]. |
||
| 260 |
_aকোলকাতা : _bদীপায়ন প্রকাশ ভবন, _c1372. |
||
| 300 |
_a131 p. : _c23 cm. |
||
| 650 | _aGerman Poetry | ||
| 700 | _aপাওলিক, এফ. জে. | ||
| 942 |
_2ddc _cBK |
||